000 00761nam a2200229Ia 4500
003 GCL
008 140319s9999 xx 000 0 ara d
020 _a6334614977
040 _aGCL /
_cGCL
082 0 4 _a814.008
_bأ ى
100 1 _aانيس منصور
245 1 0 _aيانور النبى /
_cانيس منصور
700 1 _aداليا محمد ابراهيم
250 _aالاولى
260 _aالقاهرة :
_bنهضة مصر للطباعة والنشر والتوزيع ،
_c2006
300 _a99 ص ؛
_c19 سم
650 0 4 _aالادب العربى
650 0 4 _aالمقالات العربية
650 0 4 _aالادب العربى - مجموعات
650 0 4 _aالمقالات العربية - مجموعات
942 _2ddc
_cBK
999 _c8684
_d8684